| 000 | 006520000a22001930004500 | ||
|---|---|---|---|
| 999 |
_c54108 _d54108 |
||
| 001 | 768714001 | ||
| 003 | CO-MdFUSB | ||
| 005 | 20170811094930.0 | ||
| 008 | 170811s1999 xxu||||| |||| 00| 0 eng d | ||
| 022 | _a0098-9444 | ||
| 040 |
_aCO-MdFUSB _bspa _cCO-MdFUSB _dCO-MdFUSB |
||
| 041 | _aeng | ||
| 100 | 1 |
_aShanks, Hershel _eautor |
|
| 245 | 1 | 0 |
_aRewriting Jerusalem history : _b I climbed warren's shaft (But joab never did) |
| 300 |
_aVolumen 25. Número 6 (1999), Páginas 30-35 _c28 cm. |
||
| 546 | _aTexto en inglés | ||
| 773 | 0 |
_tBiblical Archaeology Review _049395 _959477 _gVolumen 25. Número 6 (1999), Páginas 30-35 _qPágina 30 |
|
| 942 | _cANA | ||